Экономика предприятия: учебник для вузов

מידע ביבליוגרפי
מחברים אחרים: Горфинкель В. Я. Владимир Яковлевич (редактор)
סיכום:Шестое издание учебника отличается более широким и актуализированным кругом рассматриваемых вопросов. Это такие важные темы, как конкурентность и качество продукции, управление персоналом, инновации, реструктуризация и реформирование предприятий, социальная ответственность и др. Для студентов высших учебных заведений, обучающихся по специальности «Экономика и управление на предприятии» и другим экономическим специальностям.
שפה:רוסית
יצא לאור: Москва, Юнити, 2014
מהדורה:6-е изд., перераб. и доп.
סדרה:Золотой фонд российских учебников
נושאים:
פורמט: MixedMaterials ספר
KOHA link:https://koha.lib.tpu.ru/cgi-bin/koha/opac-detail.pl?biblionumber=259884

MARC

LEADER 00000nam0a2200000 4500
001 259884
005 20231101233428.0
010 |a 9785238023717 
035 |a (RuTPU)RU\TPU\book\282830 
035 |a RU\TPU\book\97926 
035 |a RU\TPU\book\125882 
090 |a 259884 
100 |a 20070521d2014 m y0rusy50 ca 
101 0 |a rus 
102 |a RU 
105 |a y j 001zy 
200 1 |a Экономика предприятия  |e учебник для вузов  |f под ред. В. Я. Горфинкеля 
205 |a 6-е изд., перераб. и доп. 
210 |a Москва  |c Юнити  |d 2014 
215 |a 663 с. 
225 1 |a Золотой фонд российских учебников 
320 |a Библиогр.: с. 652-655. 
330 |a Шестое издание учебника отличается более широким и актуализированным кругом рассматриваемых вопросов. Это такие важные темы, как конкурентность и качество продукции, управление персоналом, инновации, реструктуризация и реформирование предприятий, социальная ответственность и др. Для студентов высших учебных заведений, обучающихся по специальности «Экономика и управление на предприятии» и другим экономическим специальностям. 
451 1 |0 (RuTPU)RU\TPU\book\97926  |y 978-5-238-01201-8  |t Экономика предприятия  |o учебник для вузов  |f под ред. В. Я. Горфинкеля, В. А. Швандара  |e 4-е изд., перераб. и доп.  |c М.  |n Юнити  |d 2007  |p 670 с. 
451 1 |0 (RuTPU)RU\TPU\book\26965  |y 5-238-00204-1  |t Экономика предприятия  |o Учебник для вузов  |f Под ред. В. Я. Горфинкеля, В. А. Швандара  |e 3-е изд., перераб. и доп.  |c М.  |n ЮНИТИ  |d 2001  |p 718 с.  |s Золотой фонд российских учебников 
606 1 |a Предприятия  |x Экономика  |2 stltpush  |3 (RuTPU)RU\TPU\subj\36689  |9 57982 
610 1 |a экономика 
610 1 |a предприятия 
610 1 |a рыночная экономика 
610 1 |a предпринимательская деятельность 
610 1 |a внешняя среда 
610 1 |a внутренняя среда 
610 1 |a продукция 
610 1 |a конкурентоспособность 
610 1 |a малые предприятия 
610 1 |a производственные ресурсы 
610 1 |a основные фонды 
610 1 |a оборотные средства 
610 1 |a трудовые ресурсы 
610 1 |a труд 
610 1 |a нормирование 
610 1 |a оплата труда 
610 1 |a производственный процесс 
610 1 |a организация производства 
610 1 |a инфраструктура 
610 1 |a рыночная модель 
610 1 |a управление 
610 1 |a реструктуризация 
610 1 |a персонал 
610 1 |a маркетинг 
610 1 |a снабжение 
610 1 |a инновационная деятельность 
610 1 |a инвестиционная деятельность 
610 1 |a качество 
610 1 |a продукция 
610 1 |a промышленные предприятия 
610 1 |a экология 
610 1 |a финансовые ресурсы 
610 1 |a капитал 
610 1 |a расходы 
610 1 |a доходы 
610 1 |a издержки 
610 1 |a валовая прибыль 
610 1 |a прибыль 
610 1 |a себестоимость 
610 1 |a ценовая политика 
610 1 |a риски 
610 1 |a бухгалтерский учет 
610 1 |a бухгалтерская отчетность 
610 1 |a экономический анализ 
610 1 |a банкротство 
610 1 |a учебники 
686 |a У9(2)29я73  |v LBC/SL-A  |2 rubbk 
702 1 |a Горфинкель  |b В. Я.  |g Владимир Яковлевич  |4 340 
801 1 |a RU  |b 63413507  |c 20140513 
801 2 |a RU  |b 63413507  |c 20200914  |g RCR 
900 |a Экономика предприятия 
942 |c BK 
952 |b 080100  |l 8 
959 |a 78/20140512  |d 20  |e 700,00  |f ЧЗГЛ:1  |f АНЛ:1  |f УФ:18 
959 |a 63/20150428  |d 10  |e 700,00  |f УФ:10